Arrondissements of France - Statistics

General Stats
  • This quiz has been taken 8 times
  • The average score is 57 of 334
Answer Stats
Department Answer % Correct
Finistere Brest
71%
Lyon | Rhone Lyon
71%
Paris Paris
71%
Guyane Cayenne
57%
Savoie Chambery
57%
Isere Grenoble
57%
Nord Lille
57%
Bouches-du-Rhone Marseille
57%
Alpes-Maritimes Nizza
57%
Finistere Quimper
57%
Ille-et-Villaine Rennes
57%
Bouches-du-Rhone Aix-en-Provence
43%
Corse-du-Sud Ajaccio
43%
Maine-et-Loire Angers
43%
Haute-Savoie Annecy
43%
Vaucluse Avignon
43%
Pyrenees-Atlantique Bayonne
43%
Territoire de Belfort Belfort
43%
Doubs Besancon
43%
Gironde Bordeaux
43%
Calvados Caen
43%
Aude Carcassonne
43%
Cote-d'Or Dijon
43%
Sarthe Le Mans
43%
Finistere Morlaix
43%
Meurthe-et-Moselle Nancy
43%
Loire-Atlantique Nantes
43%
Loiret Orleans
43%
Pyrenees-Atlantique Pau
43%
Pyrenees-Orientales Perpignan
43%
Seine-Maritime Rouen
43%
Cote-d'Armor Saint-Brieuc
43%
Reunion | Seine-Saint-Denis Saint-Denis
43%
Manche Saint-Lo
43%
Ille-et-Villaine Saint-Malo
43%
Meurthe-et-Moselle Toul
43%
Var Toulon
43%
Haute-Garonne Toulouse
43%
Indre-et-Loire Tours
43%
Morbihan Vannes
43%
Yvelines Versailles
43%
Savoie Albertville
29%
Orne Alencon
29%
Somme Amiens
29%
Gironde Arcachon
29%
Bouches-du-Rhone Arles
29%
Pas-de-Calais Arras
29%
Gers Auch
29%
Cantal Aurillac
29%
Yonne Auxerre
29%
Guadeloupe Basse-Terre
29%
Haute-Corse Bastia
29%
Cote-d'Or Beaune
29%
Oise Beauvais
29%
Loir-et-Cher Blois
29%
Seine-Saint-Denis Bobigny
29%
Ain Bourg-en-Bresse
29%
Cher Bourges
29%
Lot Cahors
29%
Pas-de-Calais Calais
29%
Haute-Corse Calvi
29%
Marne Chalons-en-Champagne
29%
Ardennes Charleville-Mezieres
29%
Eure-et-Loir Chartres
29%
Indre Chateauroux
29%
Manche Cherbourg
29%
Oise Clermont
29%
Haute-Corse Corte
29%
Val-de-Marne Creteil
29%
Landes Dax
29%
Drome Die
29%
Jura Dole
29%
Vosges Epinal
29%
Eure Evreux
29%
Essonne Evry
29%
Ariege Foix
29%
Martinique Fort-de-France
29%
Hautes-Alpes Gap
29%
Creuse Gueret
29%
Cote-d'Armor Guingamp
29%
Bouches-du-Rhone Istres
29%
Aisne Laon
29%
Charente-Maritime La Rochelle
29%
Vendee La Roche-sur-Yon
29%
Mayenne Laval
29%
Seine-Maritime Le Havre
29%
Pas-de-Calais Lens
29%
Haute-Loire Le Puy-en-Velay
29%
Haute-Vienne Limoges
29%
Morbihan Lorient
29%
Saone-et-Loire Macon
29%
Seine-et-Marne Melun
29%
Lozere Mende
29%
Moselle Metz
29%
Tarn-et-Garonne Montauban
29%
Landes Mont-de-Marsan
29%
Herault Montpellier
29%
Allier Moulins
29%
Haut-Rhin Mulhouse
29%
Hauts-de-Seine Nanterre
29%
Ain Nantua
29%
Nievre Nevers
29%
Gard Nimes
29%
Deux-Sevres Niort
29%
Dordogne Perigueux
29%
Guadeloupe Pointe-a-Pitre
29%
Vienne Poitiers
29%
Val-d'Oise Pontoise
29%
Ardeche Privas
29%
Aveyron Rodez
29%
Loire Saint-Etienne
29%
Guyane Saint-Laurent-du-Maroni
29%
Loire-Atlantique Saint-Nazaire
29%
Martinique | Reunion Saint-Pierre
29%
Bas-Rhin Strasbourg
29%
Hautes-Pyrenees Tarbes
29%
Haute-Savoie Thonon-les-Bains
29%
Correze Tulle
29%
Drome Valence
29%
Nord Valenciennes
29%
Meuse Verdun
29%
Haute-Saone Vesoul
29%
Allier Vichy
29%
Isere Vienne
29%
Rhone Villefranche-sur-Saone
29%
Lot-et-Garonne Agen
14%
Tarn Albi
14%
Gard Ales
14%
Charente Angouleme
14%
Hauts-de-Seine Antony
14%
Val-d'Oise Argenteuil
14%
Saone-et-Loire Autun
14%
Manche Avranches
14%
Alpes-de-Haute-Provence Barcelonnette
14%
Meuse Bar-le-Duc
14%
Dordogne Bergerac
14%
Pas-de-Calais Bethune
14%
Herault Beziers
14%
Gironde Blaye
14%
Haute-Savoie Bonneville
14%
Hauts-de-Seine Boulogne-Billancourt
14%
Pas-de-Calais Boulogne-sur-Mer
14%
Hautes-Alpes Briancon
14%
Correze Brive-la-Gaillarde
14%
Nord Cambrai
14%
Vaucluse Carpentras
14%
Tarn Castres
14%
Saone-et-Loire Chalon-sur-Saone
14%
Finistere Chateaulin
14%
Haute-Marne Chaumont
14%
Indre-et-Loire Chinon
14%
Maine-et-Loire Cholet
14%
Puy-de-Dome Clermont-Ferrand
14%
Charente Cognac
14%
Oise Compiegne
14%
Seine-Maritime Dieppe
14%
Alpes-de-Haute-Provence Digne-les-Bains
14%
Cote-d'Armor Dinan
14%
Nord Douai
14%
Var Draguignan
14%
Eure-et-Loir Dreux
14%
Nord Dunkerque
14%
Marne Epernay
14%
Seine-et-Marne Fontainebleau
14%
Alpes-de-Haute-Provence Forcalquier
14%
Ille-et-Villaine Fougeres-Vitre
14%
Ain Gex
14%
Alpes-Maritimes Grasse
14%
Haute-Marne Langres
14%
Cote-d'Armor Lannion
14%
Indre Le Blanc
14%
Vendee Les Sables-d'Olonne
14%
Calvados Lisieux
14%
Indre-et-Loire Loches
14%
Mayenne Mayenne
14%
Seine-et-Marne Meaux
14%
Aveyron Millau
14%
Loiret Montargis
14%
Aude Narbonne
14%
Loiret Pithiviers
14%
Doubs Pontarlier
14%
Morbihan Pontivy
14%
Seine-et-Marne Provins
14%
Ille-et-Villaine Redon
14%
Ardennes Rethel
14%
Puy-de-Dome Riom
14%
Loire Roanne
14%
Charente-Maritime Rochefort
14%
Jura Saint-Claude
14%
Charente-Maritime Saintes
14%
Yvelines Saint-Germain-en-Laye
14%
Savoie Saint-Jean-de-Maurienne
14%
Haute-Savoie Saint Julien-en-Genevois
14%
Reunion Saint-Paul
14%
Val-d'Oise Sarcelles
14%
Moselle Sarreguemines
14%
Ardennes Sedan
14%
Oise Senlis
14%
Yonne Sens
14%
Aisne Soissons
14%
Seine-et-Marne Torcy
14%
Ardeche Tournon-sur-Rhone
14%
Aube Troyes
14%
Loir-et-Cher Vendome
14%
Cher Vierzon
14%
Lot-et-Garonne Villeneuve-sur-Lot
14%
Somme Abbeville
0%
Haut-Rhin Altkirch
0%
Puy-de-Dome Ambert
0%
Vaucluse Apt
0%
Hautes-Pyrenees Argeles-Gazost
0%
Orne Argentan
0%
Creuse Aubusson
0%
Yonne Avallon
0%
Nord Avesnes-sur-Helpe
0%
Hautes-Pyrenees Bagneres-de-Bigorre
0%
Aube Bar-sur-Aube
0%
Calvados Bayeux
0%
Haute-Vienne Bellac
0%
Ain Belley
0%
Eure Bernay
0%
Deux-Sevres Bressuire
0%
Meurthe-et-Moselle Briey
0%
Var Brignoles
0%
Haute-Loire Brioude
0%
Alpes-de-Haute-Provence Castellane
0%
Tarn-et-Garonne Castelsarrasin
0%
Pyrenees-Orientales Ceret
0%
Saone-et-Loire Charolles
0%
Loire-Atlantique Chateaubriant-Ancenis
0%
Nievre Chateau-Chinon
0%
Eure-et-Loir Chateaudun
0%
Mayenne Chateau-Gontier
0%
Aisne Chateau-Thierry
0%
Vienne Chatellerault
0%
Nievre Clamecy
0%
Haut-Rhin Colmar-Ribeauville
0%
Meuse Commercy
0%
Gers Condom
0%
Charente Confolens
0%
Nievre Cosne-Cours-sur-Loire
0%
Manche Coutances
0%
Essonne Etampes
0%
Lot Figeac
0%
Lozere Florac
0%
Vendee Fontenay-le-Comte
0%
Moselle Forbach-Boulay-Moselle
0%
Lot Gourdon
0%
Bas-Rhin Haguenau-Wissembourg
0%
Puy-de-Dome Issoire
0%
Indre Issoudun
0%
Charente-Maritime Jonzac
0%
Indre La Chatre
0%
Sarthe La Fleche
0%
Gironde Langon
0%
Ardeche Largentiere
0%
Isere La Tour-du-Pin
0%
Martinique La Trinite
0%
Martinique Le Marin
0%
Seine-Saint-Denis Le Raincy
0%
Eure Les Andelys
0%
Gironde Lesparre-Medoc
0%
Gard Le Vigan
0%
Val-de-Marne L'Hays-les-Roses
0%
Gironde Libourne
0%
Aude Limoux
0%
Herault Lodeve
0%
Jura Lons-le-Saunier
0%
Saone-et-Loire Louhans
0%
Meurthe-et-Moselle Luneville
0%
Haute-Saone Lure
0%
Sarthe Mamers
0%
Yvelines Mantes-la-Jolie
0%
Lot-et-Garonne Marmande
0%
Cantal Mauriac
0%
Gers Mirande
0%
Bas-Rhin Molsheim
0%
Cote-d'Or Montbard
0%
Doubs Montbeliard
0%
Loire Montbrison
0%
Somme Montdidier
0%
Allier Montlucon
0%
Vienne Montmorillon
0%
Pas-de-Calais Montreuil
0%
Orne Mortagne-au-Perche
0%
Haute-Garonne Muret
0%
Lot-et-Garonne Nerac
0%
Vosges Neufchateau
0%
Eure-et-Loir Nogent-le-Rotrou
0%
Val-de-Marne Nogent-sur-Marne
0%
Aube Nogent-sur-Seine
0%
Dordogne Nontron
0%
Drome Nyons
0%
Pyrenees-Atlantique Oloron-Sainte-Marie
0%
Essonne Palaiseau
0%
Ariege Pamiers
0%
Deux-Sevres Parthenay
0%
Somme Peronne
0%
Pyrenees-Orientales Prades
0%
Yvelines Rambouillet
0%
Marne Reims
0%
Haute-Vienne Rochechouart
0%
Loir-et-Cher Romorantin-Lanthenay
0%
Cher Saint-Amand-Montrond
0%
Reunion Saint-Benoit
0%
Vosges Saint-Die-des-Vosges
0%
Haute-Marne Saint-Dizier
0%
Cantal Saint-Flour
0%
Haute-Garonne Saint-Gaudens
0%
Guyane Saint-Georges
0%
Ariege Saint-Girons
0%
Charente-Maritime Saint-Jean-d'Angely
0%
Pas-de-Calais Saint-Omer
0%
Aisne Saint-Quentin
0%
Dordogne Sarlat-la-Caneda
0%
Moselle Sarrebourg-Chateau-Salins
0%
Corse-du-Sud Sartene
0%
Maine-et-Loire Saumur
0%
Bas-Rhin Saverne
0%
Maine-et-Loire Segre
0%
Bas-Rhin Selestat-Erstein
0%
Haut-Rhin Thann-Guebwiller
0%
Puy-de-Dome Thiers
0%
Moselle Thionville
0%
Correze Ussel
0%
Aisne Vervins
0%
Aveyron Villefranche-de-Rouergue
0%
Calvados Vire
0%
Marne Vitry-le-Francois
0%
Ardennes Vouziers
0%
Haute-Loire Yssingeaux
0%
No matching quizzes found
Score Distribution
Percent of People with Each Score
Percentile by Number Answered
Your Score History
You have not taken this quiz